| 000 | 00608nam a2200181Ia 4500 | ||
|---|---|---|---|
| 003 | GCL | ||
| 008 | 140319s9999 xx 000 0 ara d | ||
| 040 |
_aGCL / _cGCL |
||
| 082 | 0 | 4 |
_a922.1 _bش د |
| 100 | 1 | _aشمس الدين ابن المعالى محمد بن | |
| 245 | 1 | 0 |
_aديوان الاسلام / _cشمس الدين ابن المعالى محمد بن |
| 260 |
_a[S.N] : _bدار الكتب العلمية للنشر والتوزيع |
||
| 490 | _a | ||
| 650 | 0 | 4 | _aالاسلام |
| 650 | 0 | 4 | _aالتاريخ الاسلامى |
| 650 | 0 | 4 | _aالحضارة الاسلامية |
| 942 |
_2ddc _cBK |
||
| 999 |
_c50781 _d50781 |
||